000 00476nam a2200157Ia 4500
999 _c36216
_d36216
003 OSt
005 20201214113649.0
008 190216s9999||||xx |||||||||||||| ||und||
040 _coclc
082 _a520.954
_bHOO/A
100 _aHooda, D S
_97435
245 0 _aAryabhata Life And Contributions /
_cD S Hooda
260 _bNew Age International Publishers,
_c1991.
_aNew Delhi:
300 _a128p
942 _cREF
_2ddc
_h520.954
_iHOO/A
_k520.954
_mHOO/A